Desarrollo humano en Chile: 2015. Los tiempos de la politización

Guardat en:
Dades bibliogràfiques
Autor corporatiu: Programa de las Naciones Unidas para el Desarrollo (Autor)
Format: Llibre
Idioma:espanyol
Publicat: Santiago PNUD 2015
Edició:1a. ed
Matèries:
Accés en línia:Disponible Online
Etiquetes: Afegir etiqueta
Sense etiquetes, Sigues el primer a etiquetar aquest registre!

MARC

LEADER 00000cam a2200000 a 4500
001 UCD0126
003 CL-VaPUC
005 20210604001819.0
008 151120e20150000cl |||||||||||||||||spa|d
999 |c 361747  |d 361745 
020 |a 9789567469598 
040 |c Pontificia Universidad Católica de Valparaíso 
082 0 4 |a 320.01 PRO 2015  |2 21 
110 1 |a Programa de las Naciones Unidas para el Desarrollo  |e author  |9 583134 
245 1 0 |a Desarrollo humano en Chile: 2015. Los tiempos de la politización 
250 |a 1a. ed 
260 |a Santiago  |b PNUD  |c 2015 
300 |a 263 p 
500 |a c.2 c.3 Donación VRA. N. Vásquez L. 
583 |a last modification  |c 20151120 13:39:00  |k Rodrigo Vera 
650 0 |a Desarrollo humano  |x Política y gobierno  |z Chile   |y 2015  |9 349614 
856 |u http://hdr.undp.org/sites/default/files/informe_2015.pdf  |y Disponible Online  
942 |c BK  |2 ddc 
945 |d 20151120 13:39:00  |a dcastane 
952 |0 0  |1 0  |3 erb  |4 0  |6 320_010000000000000_PRO_2015  |7 0  |8 A  |9 472394  |a BIBHIS  |b BIBHIS  |i 5250285  |o 320.01 PRO 2015  |p 5250285  |r 2025-01-20  |w 2019-11-24  |y BK  |z Catalogado en:20151120  |k HIS 
952 |0 0  |1 0  |2 ddc  |4 0  |6 320_010000000000000_PRO_2015  |7 0  |8 A  |9 578005  |a BIBHIS  |b BIBHIS  |d 2021-06-03  |i 5621879  |o 320.01 PRO 2015  |p 5621879  |r 2025-01-20  |t 2  |w 2021-06-03  |y BK  |k HIS 
952 |0 0  |1 0  |2 ddc  |4 0  |6 320_010000000000000_PRO_2015  |7 0  |8 A  |9 578006  |a BIBHIS  |b BIBHIS  |d 2021-06-03  |i 5621887  |o 320.01 PRO 2015  |p 5621887  |r 2025-01-20  |t 3  |w 2021-06-03  |y BK  |k HIS